00828nam a2200205 a 450000100100000000500170001000800410002702000150006804000250008310000310010824500950013926000310023430000210026549000320028650400730031871000720039183000360046395201060049999900170060500004150520201002034941.0131009s1996 sp 000 0 spa d a8400075692 aDO-SdBNPbspacBNPHU1 aCorriente, Federico96820910aIntroducción a la gramática comparada del semítico meridional /cFederico Corriente. aMadrid :bC.S.I.C.,c1996. a120 p. ;c22 cm.1 aTextos Universitarios ;v25 aIncluye referencias bibliográficas y notas al pie de las páginas2 aConsejo Superior de Investigaciones Científicas (España)915178 0aTextos Universitariosv2591147 0010507-18MOaGRbGRcOId2013-10-09iLF1l0o p41505-10r2020-06-25w2020-06-25y1ZNo se presta c40995d40995